00572nab a22001457i 4500003000900000005001700009008004000026035001700066040002400083041000800107100014800115245008000263260001000343773007300353KOSZ 00520170221091122.0160308s2012 ||||| ||||0|| 0 eng  aPBN-R:249877 cKOSZ 005/mdaPBN-ID0 aeng aKLEPUSZEWSKI, Wojciech.d1999 - .bPolitechnika Koszalińska - Instytut Neofilologii i Komunikacji Społecznej,cZakład Filologii Angielskiej10a‘Lights Out’: Edward Thomas on the Way to War /cWojciech Klepuszewski. c2012. iW:tREVUE LISA / LISA E-JOURNAL. -x1762-6153g2012, X(1), s. 69-82.